000 00522nam a2200157Ia 4500
008 090124s9999 xx 000 0 und d
082 _b10084
245 _a नेताजी सुभाषचंद्र बोस
250 _a1
260 _bमीनल प्रकाशन
_c1978
300 _a171
630 _a नेताजी सुभाषचंद्र बोस
700 _aपंडित गौतम
730 _a नेताजी सुभाषचंद्र बोस
942 _cBOOK
999 _c86292
_d86292